| 000 | 01219nac a22002651u 4500 | ||
|---|---|---|---|
| 010 | _a 97041147 | ||
| 020 | _a0198290187 | ||
| 082 | 0 | 0 |
_a330.94 _bC7741 |
| 090 |
_c2115 _d2115 |
||
| 100 | _aCooke, Philip | ||
| 245 | 1 | 4 |
_aThe associational economy : _bfirms, regions, and innovation / _cPhilip Cooke and Kevin Morgan. |
| 260 |
_aOxford [England] ; _aNew York : _bOxford University Press,1998 _c1998. |
||
| 300 |
_aviii, 247 p. : _bill. ; _c24 cm. |
||
| 504 | _aIncludes bibliographical references (p. [221]-238) and index. | ||
| 650 | 0 |
_aRegional planning _zEurope. |
|
| 650 | 0 |
_aResearch, Industrial _zEurope. |
|
| 650 | 0 |
_aTechnological innovations _xEconomic aspects _zEurope. |
|
| 650 | 0 | _aCompetition, International. | |
| 651 | 0 |
_aEurope _xEconomic conditions _y1945- _xRegional disparities. |
|
| 700 | 1 | _aMorgan, Kevin. | |
| 856 | 4 | 2 |
_3Publisher description _uhttp://www.loc.gov/catdir/enhancements/fy0604/97041147-d.html |
| 856 | 4 | 2 |
_3Table of contents only _uhttp://www.loc.gov/catdir/enhancements/fy0604/97041147-t.html |
| 942 |
_cBB _k330.94C7741 |
||
| 999 |
_c2115 _d2115 |
||